Biblioteca

Teología apasionada por la vida : (Registro nro. 67112)

Detalles MARC
000 -LÍDER
Campo fijo de descripción fija 01999nam a2200313 i 4500
001 - NÚMERO DE CONTROL
Campo de control 768714001
003 - IDENTIFICADOR DEL NÚMERO DE CONTROL
Campo de control CO-MdFUSB
005 - FECHA Y HORA DE LA ULTIMA TRANSACCIÓN
control field 20240802151530.0
007 - CAMPO FIJO DE DESCRIPCIÓN FIJA--INFORMACIÓN GENERAL
Campo fijo de descripción fija ta
008 - ELEMENTOS DE LONGITUD FIJA -- INFORMACIÓN GENERAL
Campo fijo de descripción fija -- Información general 220121t2013 ec |||| |||| 00| 0 spa d
020 ## - NÚMERO INTERNACIONAL NORMALIZADO PARA LIBROS
Número Internacional Normalizado del libro 9789942133380
040 ## - FUENTE DE CATALOGACIÓN
Agencia de catalogación original CO-MdFUSB
Idioma de catalogación spa
Agencia que realiza la transcripción CO-MdFUSB
Agencia que realiza la modificación CO-MdFUSBC
Convenciones de la descripción rda
041 ## - CÓDIGO DE IDIOMA
Código de idioma para texto/pista de sonido o título separado spa
082 ## - NÚMERO DE CLASIFICACIÓN DECIMAL DEWEY
Número de la edición del Dewey 23
Número de clasificación 261
Clave de autor-Numero de item M296
100 ## - ASIENTO PRINCIPAL--NOMBRE PERSONAL
Nombre personal Manzo Montesdeoca, Ángel,
Término relacionador autor
245 1# - TÍTULO
Título del Material Teología apasionada por la vida :
Parte restante del título - Subtitulo conversaciones provocadoras con nuestro pueblo.
Mención de responsabilidad, etc. / Ángel Manzo Montesdeoca ; prólogo por René Padilla
264 #0 - PRODUCCIÓN, PUBLICACIÓN, DISTRIBUCIÓN, MANUFACTURA, Y COPYRIGHT
Lugar de producción, publicación, distribución, manufactura Guayaquil, Ecuador :
Nombre del productor, publicador, distribuidor Visión Mundial,
Fecha de producción, publicación, distribución, manufactura, o copyright [2013]
300 ## - DESCRIPCIÓN FÍSICA
Extensión 165 páginas
Dimensiones ; 21 cm
336 ## - TIPO DE CONTENIDO
Fuente rdacontent
Término de tipo de contenido texto
Código de tipo de contenido txt
337 ## - TIPO DE MEDIO
Fuente rdamedia
Nombre del tipo de medio sin mediación
Código del tipo de medio n
338 ## - TIPO DE SOPORTE
Fuente rdacarrier
Nombre del tipo de soporte volumen
Código Tipo de soporte nc
505 ## - NOTA DE CONTENIDO
Nota de contenido con formato preestablecido Servicio: ¿para qué le sirve al pueblo la teología? -- Cultura: hagamos teología ecuatoriana. -- Devoción: teologizar con María. -- Biblia: preguntas y sospechas. -- Espiritualidad: una mujer luchadora. -- Feminismo: Mérida, una joven valiente. -- Liderazgo: metáfora de dos poderes. -- Ciudadanía: Metro-teología. -- Amor: todo se resume en cuidado.
520 ## - NOTA DE RESUMEN, ETC.
Nota de sumario, etc. "Este no es un libro para seguir en lo mismo, mantenerse en las mismas ideas, y seguir con lo establecido por la mayoría. Es un libro para provocarte,proponerte otras maneras de ver e interpretar la vida y la realidad desde la fe. La gente busca cambios, pero por los mismos caminos. Por los mismos caminos se llega a lo mismo. Si no cambia nuestra manera de pensar y las rutas que seguimos, no cambiará nuestra manera de vivir y recrear el mundo."<br/><br/>Para educadores, estudiantes universitarios, profesionales de diversas disciplinas, docentes teológicos, agentes de pastoral, religiosos, líderes eclesiales; y para toda persona comprometida con el cambio en el siglo XXI.
563 ## - NOTA DE ENCUADERNACIÓN
Nota de encuadernación Rústico
653 ## - TÉRMINO DE INDIZACIÓN - NO CONTROLADO
Término no controlado Teología social
700 1# - ASIENTO SECUNDARIO - NOMBRE PERSONAL
9 (RLIN) 775
Nombre personal Padilla, C. René
Fechas asociadas con el nombre 1932-
Responsabilidad prologuista
942 ## - TIPO DE MATERIAL (KOHA)
Tipo de Item KOHA Libros General
945 ## - INFORMACIÓN LOCAL DEL REGISTRO
Catalogador JTF-925
Existencias
Estado de Material Estado de Perdido Forma de Clasificación Estado de Dañado No para Préstamo Colección Biblioteca de Origen Biblioteca Permanente Fecha de Adquisición Área Total de Préstamos Signatura Topográfica Código de Barras Última vez visto Última vez Préstado Ejemplar/Existencia Fecha de Remplazo Tipo de Material
    Dewey Decimal Classification     Colección General Biblioteca FUSBC Biblioteca FUSBC 21/01/2022 TEOLOGÍA SOCIAL 1 G 261 M296t 19916 20/05/2025 04/11/2022 Ej. 1 21/01/2022 Libros General
    Dewey Decimal Classification     Colección General Biblioteca FUSBC Biblioteca FUSBC 21/01/2022 TEOLOGÍA SOCIAL   G 261 M296t 22162 02/08/2024   Ej. 2 21/01/2022 Libros General

Biblioteca FUSBC | Teléfono: (57+4) 349 88 10 Ext. 141| WhatsApp (+57) 3005338115 
E-mail: biblioteca@unisbc.edu.co | Calle 76 87-14 Robledo Palenque, Medellín, Colombia

Con tecnología Koha